000 00642nam a22002057a 4500
999 _c186234
_d186234
005 20220218100645.0
010 _aENG-131665
020 _a9788195267811
_c299.00
035 _aEN-115197
037 _bDBAD
082 _a620.11
100 _aSuneel, D.
245 _aMaterial Sciene and Metallurgy/
_cD. Suneel, et.al.
260 _aHyderabad
_bSunRaise International Publishers
_c2021
270 _a# 326/C, Level-2, Surneni Nilayam Near B K Guda Park, S R Nagar
_bHyderabad
_e500038
300 _axvi, 376p.
_c24cm(pbk)
700 _aBabu, P. Suresh
700 _aSiva, B. Venkata
942 _2ddc
_cEN
_h620.11
_mSUN